| 000 | 00626nam a2200229Ia 4500 | ||
|---|---|---|---|
| 003 | OSt | ||
| 005 | 20220107122606.0 | ||
| 008 | 130318s9999 xx 000 0 und d | ||
| 020 | _a9788120312531 | ||
| 040 | _cIIITM-K | ||
| 082 | _aR 006.32 YEG/A | ||
| 100 |
_aYegnarayana, B _93351 |
||
| 245 | _aArtificial neural networks | ||
| 260 |
_bPHI Learning, _aNew Delhi, _c1999. |
||
| 300 | _a461p. | ||
| 650 |
_aARTIFICIAL INTELLIGENCE _93352 |
||
| 650 |
_aNEURAL NETWORKS _93353 |
||
| 650 |
_aCOMPUTER SCIENCE _913558 |
||
| 650 |
_aARTIFICIAL NEURAL NETWORKS _913606 |
||
| 650 |
_aPATTERN RECOGNITION _913607 |
||
| 942 |
_2ddc _cBK |
||
| 999 |
_c417 _d417 |
||